| 000 | | | 03836nmc2a22002413x 450 |
| 001 | | | f7bef2b2-b735-49ef-94f3-89d0a6beebf7 |
| 005 | | | 20210511143526.0 |
| 100 | ## | $a | 20210125l19021903k l0rusy0189 ca |
| 101 | 0# | $a | rus |
| 102 | ## | $a | RU |
| 105 | ## | $a | y### |
| 122 | 2# | $a | d |
| 200 | 1# | $a | Предварительная смета на устройство осушительных каналов в Радовельской казенной даче Волынской губернии на 1903 год и ведомости оросительных и осушительных каналов в различных дачах Полтавской и Волынской губерний |
| | $j | 1902-1903 гг. |
| 215 | ## | $a | 15 л. |
| | $d | 36,5х26 см |
| 251 | ## | $c | Дело |
| 300 | ## | $a | Дело |
| 371 | ## | $a | Документ не является опубликованным и широко распространяемым |
| 461 | #0 | $1 | 001a9dcd51c-c252-454c-aea9-eaf7a800c266 |
| | $1 | 2001 |
| | $a | Переписка по ходатайству крестьян деревни Петропавловской Богородской волости Верейского уезда Московской губернии об осушении их земель |
| | $1 | 251 |
| | $c | Дело |
| | $1 | 852 |
| | $j | 501 |
| 462 | #0 | $1 | 0013a02340e-e572-4ee5-9169-9b29c64f7ce0 |
| | $1 | 2001 |
| | $a | Отдел земельных улучшений Министерства земледелия |
| | $1 | 251 |
| | $c | Опись |
| | $1 | 852 |
| | $j | 2 |
| 801 | #0 | $a | RU |
| | $b | РГИА |
| | $c | 20210125 |
| | $g | RCR |
| 801 | #1 | $a | RU |
| | $b | ГлавНИВЦ |
| | $c | 20210125 |
| | $2 | rusmarc |
| 801 | #2 | $a | RU |
| | $b | ПБ им. Б.Н. Ельцина |
| | $c | 20210511 |
| | $g | RCR |
| | $2 | rusmarc |
| 850 | ## | $a | РГИА |
| 852 | ## | $a | РГИА |
| | $e | Федеральное казенное учреждение "Российский государственный исторический архив" (РГИА) |
| | $j | 336 |
| 937 | ## | $h | РГИА |
| | $d | 12359191 |
| | $a | ASBIBLIO_SCAN |
| 035 | ## | $a | RusGRCC00020423 |
| 856 | ## | $u | http://readingroom.main.prlib.ru/item.aspx?id_node=n164152192&mode=full |